00211nam a2200073Ia 4500008004100000245004200041260004500083260000900128170620s9999 xx 000 0 und d 0aEducation and Personality Development bNew Delhi- A.P.H. Publishing corporation c2003